Elektronické systémy II. Část 2 /

Hlavní autor: Mikula, Vladimír, 1929-
Další autoři: Hanousek, Karel
Jazyk: Čeština
Vydáno: Praha : SNTL-Nakladatelství technické literatury, 1985
Vydání: 1. vyd.
Fyzický popis: 207 s.
Knihy
Uloženo v:
LEADER 01930nam a22003372a 4500
001 000192030
003 CZ BrMZK
005 19970103143423.0
008 970103s1985 xr f cze d
040 |a BOA001  |b cze 
080 |a 621.37/.39(075)  |2 MRF 
100 1 |a Mikula, Vladimír,  |d 1929-  |7 ola200108451 
245 1 0 |a Elektronické systémy II.  |n Část 2 /  |c Vladimír Mikula, Karel Hanousek 
250 |a 1. vyd. 
260 |a Praha :  |b SNTL-Nakladatelství technické literatury,  |c 1985 
300 |a 207 s. 
700 1 |a Hanousek, Karel  |7 jo2003197067 
910 |a BOA001  |b TK-A-0223.042,2 
990 |a BK 
996 7 |b 2629972366  |c TK-A-0223.042/2  |l MZK  |r Sklad / do 24 hodin  |n 0  |w 000192030  |u 000050  |a 1  |e BOA001  |j MZK50  |s A 
996 7 |b 2629972412  |c TK-A-0223.042/2  |l MZK  |r Sklad / do 24 hodin  |n 1  |w 000192030  |u 000040  |a 1  |e BOA001  |j MZK50  |s A 
996 7 |b 2629974310  |c TK-A-0223.042/2  |l MZK  |r Sklad / do 24 hodin  |n 0  |w 000192030  |u 000010  |a 1  |e BOA001  |j MZK50  |s A 
996 7 |b 2629977408  |c TK-A-0223.042/2  |l MZK  |r Sklad / do 24 hodin  |n 0  |w 000192030  |u 000020  |a 1  |e BOA001  |j MZK50  |s A 
996 7 |b 2629991651  |c TK-A-0223.042/2  |l MZK  |r Sklad / do 24 hodin  |n 0  |w 000192030  |u 000030  |a 1  |e BOA001  |j MZK50  |s A 
996 6 |b BC-75028  |c TK-A-0223.042/2  |l MZK  |r Sklad / do 24 hodin  |n 0  |w 000192030  |u 000060  |a 1  |e BOA001  |j MZK50  |s P 
996 6 |b BC-75029  |c TK-A-0223.042/2  |l MZK  |r Sklad / do 24 hodin  |n 0  |w 000192030  |u 000070  |a 1  |e BOA001  |j MZK50  |s P 
996 6 |b BC-75030  |c TK-A-0223.042/2  |l MZK  |r Sklad / do 24 hodin  |n 0  |w 000192030  |u 000080  |a 1  |e BOA001  |j MZK50  |s P 
996 6 |b BC-75031  |c TK-A-0223.042/2  |l MZK  |r Sklad / do 24 hodin  |n 0  |w 000192030  |u 000090  |a 1  |e BOA001  |j MZK50  |s P 
996 6 |b BC-75032  |c TK-A-0223.042/2  |l MZK  |r Sklad / do 24 hodin  |n 0  |w 000192030  |u 000100  |a 1  |e BOA001  |j MZK50  |s P 
996 6 |b BC-75033  |c TK-A-0223.042/2  |l MZK  |r Sklad / do 24 hodin  |n 0  |w 000192030  |u 000110  |a 1  |e BOA001  |j MZK50  |s P 
996 6 |b BC-75034  |c TK-A-0223.042/2  |l MZK  |r Sklad / do 24 hodin  |n 0  |w 000192030  |u 000120  |a 1  |e BOA001  |j MZK50  |s P